The power of a surrendered life : (Record no. 5627)
[ view plain ]
| 000 -LEADER | |
|---|---|
| fixed length control field | 00748nam a2200241Ia 4500 |
| 001 - CONTROL NUMBER | |
| control field | 29012 |
| 003 - CONTROL NUMBER IDENTIFIER | |
| control field | GBCCL |
| 005 - DATE AND TIME OF LATEST TRANSACTION | |
| control field | 20241126110546.0 |
| 008 - FIXED-LENGTH DATA ELEMENTS--GENERAL INFORMATION | |
| fixed length control field | 811106s1901 ilu 000 0 eng u |
| 035 ## - SYSTEM CONTROL NUMBER | |
| System control number | (OCoLC)07914086 |
| 040 ## - CATALOGING SOURCE | |
| Transcribing agency | IHT |
| 049 ## - | |
| -- | LBBK |
| 082 ## - DEWEY DECIMAL CLASSIFICATION NUMBER | |
| Classification number | 248 |
| Item number | CHA |
| 092 ## - LOCALLY ASSIGNED DEWEY CALL NUMBER (OCLC) | |
| Classification number | 248 |
| Item number | C466 |
| 100 1# - MAIN ENTRY--PERSONAL NAME | |
| Personal name | Chapman, J. Wilbur |
| Fuller form of name | (John Wilbur), |
| Dates associated with a name | 1859-1918. |
| 9 (RLIN) | 10177 |
| 245 14 - TITLE STATEMENT | |
| Title | The power of a surrendered life : |
| Remainder of title | or, turning back at Kadesh Barnea / |
| Statement of responsibility, etc. | by J. Wilbur Chapman. |
| 260 ## - PUBLICATION, DISTRIBUTION, ETC. | |
| Place of publication, distribution, etc. | Chicago : |
| Name of publisher, distributor, etc. | Bible Institute Colportage Association, |
| Date of publication, distribution, etc. | 1901. |
| 300 ## - PHYSICAL DESCRIPTION | |
| Extent | 124 p. ; |
| Dimensions | 17 cm. |
| 440 #0 - SERIES STATEMENT/ADDED ENTRY--TITLE | |
| Title | Moody colportage library, |
| Volume/sequential designation | no. 40. |
| 9 (RLIN) | 10178 |
| 650 #0 - SUBJECT ADDED ENTRY--TOPICAL TERM | |
| Topical term or geographic name entry element | Spiritual life. |
| 9 (RLIN) | 447 |
| 650 #0 - SUBJECT ADDED ENTRY--TOPICAL TERM | |
| Topical term or geographic name entry element | Sermons, Presbyterian. |
| 9 (RLIN) | 10179 |
| 942 ## - ADDED ENTRY ELEMENTS (KOHA) | |
| Source of classification or shelving scheme | Dewey Decimal Classification |
| Koha item type | Books |
| Withdrawn status | Lost status | Source of classification or shelving scheme | Damaged status | Not for loan | Home library | Current Library | Shelving location | Date acquired | Total checkouts | Full call number | Barcode | Date last seen | Copy number | Price effective from | Koha item type |
|---|---|---|---|---|---|---|---|---|---|---|---|---|---|---|---|
| Dewey Decimal Classification | GRACE BIBLE COLLEGE | GRACE BIBLE COLLEGE | Ministry & Mission | 2018-04-02 | 248 CHA | 008017 | 2025-05-01 | c.1 | 2018-04-02 | Books |